| 000 | 00612 a2200241 4500 | ||
|---|---|---|---|
| 260 | _aParis | ||
| 630 | _a57 -Biologie - Sciences biologique en général | ||
| 650 | _a5 - SCIENCES PURES | ||
| 100 | _aBouvier, J. | ||
| 700 | _aBras-Herreng, F. | ||
| 260 | _bDunod | ||
| 245 | _aL'ADde la cellule aux manipulations in vitro, 26 exercices corrigés | ||
| 300 | _a222p | ||
| 650 | _aADN : structure : manipulation | ||
| 650 | _aBiologie moléculaire : exercice | ||
| 260 | _c1992 | ||
| 300 | _b25 cm | ||
| 100 | _lFr | ||
| 037 | _aS 4483 | ||
| 020 | _a2-10-000369-0 | ||
| 999 |
_c45336 _d45336 |
||